00684nam a2200217 4500003001100000005001700011008004100028040003900069041000800108082001500116245003700131260004600168650003000214650002000244650003200264700002700296700003200323942000700355952008900362999001500451LK-CoMWRAF20230831110454.0230831b1999 |||||||| |||| 00| 0 eng d aLK-CoMWRAFdLK-CoMWRAFeLK-CoMWRAF aeng a372.6bWAT aAccepting the literacy challenge aSydney ; bNew York : Scholastic, c1999. aLiteracy - Social aspects a Language arts. aReading - Remedial teaching aWatson, Alan J. eed. aGiorcelli, Loretta R. eed. cBK 00104070aMAINbMAINd2023-08-31l0o372.6 WATpRAF302r2023-08-31w2023-08-31yBK c3326d3326